Statistiques concernant 📖 150 premiers mots "La Gloire de mon père" Marcel Pagnol

Cliquez ici pour prendre le quiz!

Statistiques générales

  • Ce quiz a Ă©tĂ© pris 50 fois
  • Le rĂ©sultat moyen est 75 sur 150

Statistiques - réponses

Mots% Correct
l'
98%
Marius,
95%
Sainte-Victoire,
95%
Ă 
93%
Aigle,
93%
Aubagne,
93%
n'
93%
d'
90%
Plan
90%
Provence,
90%
s'
90%
la
88%
La
88%
c'
83%
de
83%
le
83%
Je
81%
est
79%
né
79%
suis
79%
dans
76%
Gabarlan,
76%
Garlaban
76%
Garlaban,
76%
au
74%
et
74%
les
74%
des
71%
oĂą
71%
un
71%
ville
71%
une
69%
Ce
67%
ce
67%
elle
64%
en
64%
mais
64%
Huveaune.
62%
pas
62%
du
57%
que
57%
se
55%
qui
52%
ils
50%
montagne,
50%
plus
48%
sous
45%
sur
45%
colline
43%
colline,
43%
colline :
43%
y
43%
cet
40%
donc
40%
quand
40%
comme
38%
peu
36%
très
36%
haut
31%
ciel
29%
enfin ...
24%
haute :
21%
juillet
19%
juin,
19%
mois
19%
monte
19%
temps
19%
vallée
19%
bord
17%
large
17%
oiseau
17%
roches
17%
bleues,
14%
chèvres,
14%
derniers
14%
tour
14%
chevriers.
12%
vient
12%
couronné
10%
Ă©norme
10%
fond
10%
moment.
10%
nuit
10%
nuit,
10%
plateau
10%
verte
10%
mètres
7%
nuage
7%
parfois
7%
rocher
7%
six
7%
sort
7%
altitude,
5%
blanc
5%
cents
5%
domine
5%
feu
5%
guetteurs
5%
immense
5%
plantée
5%
reposer
5%
rocheux
5%
rouge,
5%
vola
5%
allumèrent
2%
briller
2%
broussailles :
2%
bûcher
2%
posant
2%
virent,
2%

Distribution des résultats

Percentile par nombre de réponses

% des personnes avec chaque résultat

Votre développement - résultats

Vous n’avez pas pris ce quiz